00439nam a2200157Ia 450000500170000000800460001703700120006304000200007504100130009508400210010810000200012924500520014926000430020130000140024465000230025820250508160341.0008 250505s9999 xx 000 0 eng d aTextual aFEDLbengcFEDL aeng2eng a371.3, ZAPqFEDL aZape Rosalind M 0aDemocratic processes in the secondary classroom aEnglewood Cliffs bPrentice-Hallc1959 aviii,471p aTeaching Technique